Eurozóně schází plán B
V júni 2015 bol zverejnený návrh piatich prezidentov (EK, Európskej rady, euroskupiny, ECB a Európskeho parlamentu) na dokončenie hospodárskej a menovej únie EÚ. Námety na úpravu architektúry eurozóny .
Salvato in:
| Autore principale: | |
|---|---|
| Natura: | Capitolo di libro |
| Lingua: | ceco |
| Soggetti: | |
| Tags: |
Nessun Tag, puoi essere il primo ad aggiungerne!!
|
MARC
| LEADER | 00000naa a2200000 4500 | ||
|---|---|---|---|
| 001 | 0247726 | ||
| 005 | 20180917104608.5 | ||
| 041 | 0 | |a cze | |
| 044 | |a CZ | ||
| 245 | 1 | 0 | |a Eurozóně schází plán B |c Petr Procházka |
| 520 | |a V júni 2015 bol zverejnený návrh piatich prezidentov (EK, Európskej rady, euroskupiny, ECB a Európskeho parlamentu) na dokončenie hospodárskej a menovej únie EÚ. Námety na úpravu architektúry eurozóny . | ||
| 610 | 2 | 0 | |a Európska únia |
| 610 | 2 | 0 | |a eurozóna |
| 610 | 2 | 0 | |a spolupráca hospodárska medzinárodná |
| 610 | 2 | 0 | |a politika menová |
| 100 | 1 | |a Procházka, Petr | |